| 000 | 00497nam a2200181Ia 4500 | ||
|---|---|---|---|
| 008 | 240925s9999 xx 000 0 und d | ||
| 020 | _a70486581 | ||
| 082 | _a519.2 PAP | ||
| 100 | _aPapoulis, Athanasios | ||
| 245 | 0 | _aProbability, Random Variables and Stochastic Processes | |
| 250 | _a4th | ||
| 260 |
_aNew Delhi: _bTata McGraw Hill _c,2004. |
||
| 300 |
_a620p. _bNA _fPirated |
||
| 500 | _aIncludes Index | ||
| 600 | _aHumanities & Natural Science | ||
| 650 | _aMathematics | ||
| 942 | _cBK | ||
| 999 |
_c8600 _d8600 |
||